تحميل...
Dutch in Malabar
| المؤلف الرئيسي: | |
|---|---|
| التنسيق: | Printed Book |
| منشور في: |
Newdelhi
Usha publications
1984
|
| الموضوعات: |
| LEADER | 00430nam a22001337a 4500 | ||
|---|---|---|---|
| 082 | |a 954.83024 | ||
| 100 | |a Galletti ,A et.al | ||
| 245 | |a Dutch in Malabar | ||
| 260 | |a Newdelhi |b Usha publications |c 1984 | ||
| 300 | |a 270p | ||
| 650 | |a Dutch in Malabar | ||
| 942 | |c BK | ||
| 999 | |c 288430 |d 288430 | ||
| 952 | |0 0 |1 0 |4 0 |6 954_830240000000000_GAL_D |7 0 |9 327802 |a HIS |b HIS |c ST1 |d 2013-09-28 |i 19025 |l 0 |o 954.83024 GAL/D |p HIS19025 |r 2018-08-23 |w 2018-08-23 |y BK | ||